[Event "CZE-ch U16 Girls"]
[Site "Kouty nad Desnou"]
[Date "2024.03.14"]
[Round "7"]
[White "Dlaskova, Eliska"]
[Black "Stavova, Marketa"]
[Result "1/2-1/2"]
[WhiteElo "1526"]
[BlackElo "1641"]
[PlyCount "103"]
[EventDate "2024.03.09"]
[EventType "swiss"]
[EventRounds "9"]
[EventCountry "CZE"]
[SourceTitle "CB12_2024"]
[SourceDate "2023.10.01"]
[SourceVersion "1"]
[SourceVersionDate "2023.10.01"]
[SourceQuality "1"]

1. e4 e5 2. Nf3 Nf6 3. Nxe5 d6 4. Nf3 Nxe4 5. Qe2 Qe7 6. d3 Nf6 7. Nc3 Bd7 8. Bg5 Qxe2+ 9. Bxe2 Be7 10. 0-0 0-0 11. Nd2 Nc6 12. Nb3 Rfe8 13. Bf3 Rac8 14. Rfe1 b6 15. Re2 Ne5 16. Nd2 c5 17. Rae1 Bd8 18. Bb7 Rb8 19. f4 Rxb7 20. fxe5 dxe5 21. Nc4 Re6 22. Nxe5 h6 23. Bxf6 Rxf6 24. Nxd7 Rxd7 25. Ne4 Re6 26. a4 Rde7 27. Nc3 Rxe2 28. Rxe2 Rxe2 29. Nxe2 Bf6 30. Nc3 Kf8 31. Kf2 g5 32. g4 Be5 33. h3 Ke7 34. Nd5+ Ke6 35. Nc3 Bxc3 36. bxc3 a5 37. c4 f5 38. gxf5+ Kxf5 39. Kf3 h5 40. c3 Ke5 41. Ke3 g4 42. d4+ cxd4+ 43. cxd4+ Kf5 44. hxg4+ hxg4 45. c5 bxc5 46. dxc5 Ke5 47. c6 Kd6 48. Kf4 Kxc6 49. Kxg4 Kc5 50. Kf3 Kb4 51. Ke2 Kxa4 52. Kd1 1/2-1/2

[Event "CZE-ch U16 Girls"]
[Site "Kouty nad Desnou"]
[Date "2024.03.12"]
[Round "5"]
[White "Dlaskova, Eliska"]
[Black "Hetfleischova, Elen"]
[Result "1-0"]
[WhiteElo "1526"]
[BlackElo "1699"]
[PlyCount "61"]
[EventDate "2024.03.09"]
[EventType "swiss"]
[EventRounds "9"]
[EventCountry "CZE"]
[SourceTitle "CB12_2024"]
[SourceDate "2023.10.01"]
[SourceVersion "1"]
[SourceVersionDate "2023.10.01"]
[SourceQuality "1"]

1. e4 c5 2. c3 Nc6 3. d4 cxd4 4. cxd4 Nf6 5. d5 Ne5 6. f4 Ng6 7. e5 Ng8 8. Nf3 e6 9. d6 f6 10. Nc3 a6 11. Be3 b5 12. a4 b4 13. a5 Bb7 14. Bb6 Qb8 15. Na2 Bxf3 16. Qxf3 fxe5 17. Bc7 Qa7 18. Nxb4 exf4 19. Bb6 Qb8 20. Nxa6 Rxa6 21. Bxa6 Bxd6 22. Qb7 N8e7 23. Qxb8+ Bxb8 24. Bb7 0-0 25. 0-0 d5 26. Bc5 e5 27. a6 e4 28. a7 Bxa7 29. Rxa7 e3 30. Ra8 Rxa8 31. Bxa8 1-0

[Event "CZE-ch U16 Girls"]
[Site "Kouty nad Desnou"]
[Date "2024.03.11"]
[Round "4"]
[White "Dlaskova, Eliska"]
[Black "Souralova, Jana"]
[Result "1-0"]
[WhiteElo "1526"]
[BlackElo "1597"]
[PlyCount "76"]
[EventDate "2024.03.09"]
[EventType "swiss"]
[EventRounds "9"]
[EventCountry "CZE"]
[SourceTitle "CB12_2024"]
[SourceDate "2023.10.01"]
[SourceVersion "1"]
[SourceVersionDate "2023.10.01"]
[SourceQuality "1"]

1. e4 e5 2. Nf3 Nc6 3. d4 exd4 4. Nxd4 Nf6 5. Nxc6 bxc6 6. Bd3 d5 7. e5 Nd7 8. 0-0 Bc5 9. Re1 Nb6 10. c3 Qh4 11. Be3 Be7 12. g3 Qh3 13. Bf1 Qg4 14. f3 Qe6 15. b4 Bb7 16. Nd2 0-0-0 17. Qb3 Qxe5 18. Bxb6 Qg5 19. Bxa7 Bd6 20. Bh3+ f5 21. Be3 Qh5 22. Kg2 g6 23. b5 c5 24. a4 d4 25. cxd4 cxd4 26. Bf2 d3 27. Rac1 Kb8 28. b6 Rhe8 29. Qc4 c5 30. Bxc5 Be5 31. Be3 g5 32. a5 g4 33. Kg1 Qxh3 34. Bf4 gxf3 35. Nxf3 Ka8 36. Bxe5 d2 37. a6 dxe1Q+ 38. Nxe1 Rc8 1-0